| 000 | 00365nam a2200145Ia 4500 | ||
|---|---|---|---|
| 999 |
_c10501 _d10501 |
||
| 003 | OSt | ||
| 005 | 20220407155623.0 | ||
| 008 | 220318s9999 xx 000 0 und d | ||
| 020 | _a9781859468746 | ||
| 082 | _a307.1216 | ||
| 100 | _aTarbatt | ||
| 245 | 4 | _a The urban block : a guide for urban designers, architects and town planners | |
| 260 | _aCRC | ||
| 942 | _2ddc | ||